Dospívajícím dívkám /

Hlavní autor: Stoppard, Miriam, 1937-
Jazyk: Čeština
Vydáno: Praha : Ikar, 2001
Vydání: Vyd. 2.
Témata:
Externí odkaz: Digitalizovaný dokument
Fyzický popis: 127 s. : barev. il ; 22 cm
Knihy
Uloženo v:
LEADER 01807nam a2200517 a 4500
001 000587667
003 CZ BrMZK
005 20111011094744.0
007 ta
008 020219s2001 xr d f cze d
015 |a cnb001089550 
020 |a 80-7202-983-5 
035 |a (OCoLC)51191292 
040 |a BOA001  |b cze 
041 1 |a cze  |h eng 
072 7 |a 159.92  |x Vývojová psychologie. Individuální psychologie  |2 Konspekt  |9 17 
072 7 |a 0/9-053.2  |x Literatura pro děti a mládež (naučná)  |2 Konspekt  |9 26 
080 |a 159.922.8  |2 MRF 
080 |a 612.661  |2 MRF 
080 |a 613  |2 MRF 
080 |a 613.88  |2 MRF 
080 |a 316.356.2  |2 MRF 
080 |a 37.0  |2 MRF 
080 |a 316.346.2-055.25-053.6  |2 MRF 
080 |a (035)  |2 MRF 
080 |a (0.053.6)  |2 MRF 
100 1 |a Stoppard, Miriam,  |d 1937-  |7 jn20001103541  |4 aut 
245 1 0 |a Dospívajícím dívkám /  |c Miriam Stoppard 
246 3 3 |a Zdravá dívka 
250 |a Vyd. 2. 
260 |a Praha :  |b Ikar,  |c 2001 
300 |a 127 s. :  |b barev. il ;  |c 22 cm 
500 |a Vyd. 1. vyšlo pod názvem Zdravá dívka 
650 0 7 |a dospívání  |7 ph117183  |2 czenas 
650 0 7 |a péče o zdraví  |7 ph124852  |2 czenas 
650 0 7 |a sexualita  |7 ph116134  |2 czenas 
650 0 7 |a rodinné vztahy  |7 ph135535  |2 czenas 
650 0 7 |a vzdělávání  |7 ph127311  |2 czenas 
650 0 7 |a dospívající dívky  |7 ph134762  |2 czenas 
655 7 |a příručky  |7 fd133209  |2 czenas 
655 7 |a publikace pro mládež  |7 fd133157  |2 czenas 
765 0 |t Everygirl's lifeguide 
856 4 1 |u http://www.digitalniknihovna.cz/mzk/uuid/uuid:f84ad6c0-2292-11e2-85be-005056827e51  |y Digitalizovaný dokument  |x NDK 
910 |a BOA001  |b 2-1098.660 
990 |a BK 
996 6 |b 2610153987  |c 2-1098.660  |l MZK  |r Sklad / do 1 hodiny  |n 1  |p p.v.  |w 000587667  |u 000010  |a 1  |e BOA001  |j MZK50  |s P